[Event "World Rapid 2019"]
[Site "Moscow RUS"]
[Date "2019.12.28"]
[Round "11.40"]
[White "Turov, Maxim"]
[Black "Piorun, Kacper"]
[Result "1-0"]
[WhiteTitle "GM"]
[BlackTitle "GM"]
[WhiteElo "2574"]
[BlackElo "2611"]
[WhiteFideId "4120086"]
[BlackFideId "1130420"]
[EventDate "2019.12.26"]

1. d4 f5 2. c4 Nf6 3. Nc3 d6 4. Bg5 Nbd7 5. e3 g6 6. Qc2 Bg7 7. O-O-O c6 8. h3
Qa5 9. Kb1 Nf8 10. Nge2 Ne6 11. Bh4 Bd7 12. Nc1 Qc7 13. f3 g5 14. Bf2 f4 15. e4
Nf8 16. h4 gxh4 17. Bxh4 Ng6 18. Bf2 e5 19. dxe5 dxe5 20. Qa4 O-O 21. c5 Be6 22.
Bc4 Bxc4 23. Qxc4+ Qf7 24. Qxf7+ Kxf7 25. Nb3 Rfe8 26. Na5 Rab8 27. Kc2 Bf8 28.
Rd3 Rec8 29. b4 Ke6 30. Nc4 Be7 31. Nd6 Rd8 32. Nf5 Rxd3 33. Kxd3 Bf8 34. Kc4 h5
35. Rd1 Rc8 36. a4 Ne8 37. b5 b6 38. cxb6 axb6 39. Kb3 cxb5 40. Nxb5 Rb8 41. Rh1
Nf6 42. Rc1 Ne7 43. Nxe7 Bxe7 44. Rc6+ Kf7 45. Bxb6 Nd7 46. Ba7 Rg8 47. Rc7 Ke6
48. Rc2 h4 49. a5 Kf7 50. Rd2 Nc5+ 51. Bxc5 Bxc5 52. a6 Rg3 53. Kc4 Be3 54. Ra2
h3 55. gxh3 Rxf3 56. Kd5 Rxh3 57. a7 Bxa7 58. Rxa7+ Kf6 59. Ra6+ Kg5 60. Kxe5 f3
61. Rf6 Kg4 62. Nd4 Rh5+ 63. Ke6 Ra5 64. Nxf3 Ra6+ 65. Kf7 Ra7+ 66. Kg6 1-0

[Event "World Rapid 2019"]
[Site "Moscow RUS"]
[Date "2019.12.28"]
[Round "11.41"]
[White "Zvjaginsev, Vadim"]
[Black "Adly, Ahmed"]
[Result "1/2-1/2"]
[WhiteTitle "GM"]
[BlackTitle "GM"]
[WhiteElo "2627"]
[BlackElo "2607"]
[WhiteFideId "4113403"]
[BlackFideId "10601619"]
[EventDate "2019.12.26"]

1. c4 e6 2. Nf3 d5 3. e3 Nf6 4. Nc3 a6 5. d4 c5 6. cxd5 exd5 7. g3 Nc6 8. Bg2
Be7 9. O-O O-O 10. dxc5 Bxc5 11. b3 Qd6 12. Bb2 Rd8 13. Ne2 Bg4 14. h3 Bf5 15.
Rc1 Ba7 16. Nfd4 Bg6 17. Nxc6 bxc6 18. Nf4 a5 19. Nxg6 hxg6 20. Qc2 Rac8 21.
Rfd1 Qe6 22. Qc3 Bb6 23. Qe5 a4 24. bxa4 c5 25. Qxe6 fxe6 26. Bxf6 gxf6 27. e4
d4 28. Bf1 Ba5 29. Bc4 Kf7 30. Rb1 Rb8 31. Rb3 g5 32. Kf1 Rb4 33. Rxb4 Bxb4 34.
Ke2 Ra8 35. Bb5 f5 36. exf5 exf5 37. Rh1 Kg6 38. h4 g4 39. Kd3 Ra7 40. Rc1 f4
41. gxf4 Kf5 42. Rc2 Kxf4 43. Re2 Rh7 44. Re4+ Kf5 45. h5 Rxh5 46. Bd7+ Kf6 47.
Bxg4 Rh2 48. f4 Rg2 49. Bd7 Rxa2 50. Re6+ Kf7 51. f5 Ra3+ 52. Kc4 d3 53. Be8+
Kf8 54. f6 Bc3 55. Bh5 Bxf6 56. Rxf6+ Ke7 57. Ra6 d2 58. Kxc5 Ra1 59. Ra7+ Kd8
60. Kb6 d1=Q 61. Ra8+ Kd7 62. Bxd1 Rb1+ 63. Ka6 Rxd1 64. Rh8 Kc7 65. Ka7 Rd5 66.
Rh7+ Kc8 67. Kb6 Rd6+ 1/2-1/2

[Event "World Rapid 2019"]
[Site "Moscow RUS"]
[Date "2019.12.28"]
[Round "11.42"]
[White "Predke, Alexandr"]
[Black "Khusnutdinov, Rustam"]
[Result "1-0"]
[WhiteTitle "GM"]
[BlackTitle "GM"]
[WhiteElo "2676"]
[BlackElo "2491"]
[WhiteFideId "24107581"]
[BlackFideId "13701703"]
[EventDate "2019.12.26"]

1. e4 e6 2. d4 d5 3. Nc3 Bb4 4. e5 c5 5. a3 Bxc3+ 6. bxc3 Ne7 7. Qg4 O-O 8. Bd3
f5 9. exf6 Rxf6 10. Bg5 Rf7 11. Qh5 g6 12. Qd1 Qa5 13. Nf3 Rxf3 14. gxf3 Qxc3+
15. Kf1 c4 16. Bxe7 cxd3 17. cxd3 Qxd4 18. h4 e5 19. h5 Bf5 20. hxg6 Bxg6 21.
Kg2 Nc6 22. Bg5 Qxd3 23. Qxd3 Bxd3 24. Rad1 Bc4 25. Rh6 Rf8 26. Bf6 Kf7 27. f4
exf4 28. Kf3 Rg8 29. Bb2 b5 30. Rxc6 1-0

[Event "World Rapid 2019"]
[Site "Moscow RUS"]
[Date "2019.12.28"]
[Round "11.43"]
[White "Melkumyan, Hrant"]
[Black "Xu, Xiangyu"]
[Result "1-0"]
[WhiteTitle "GM"]
[BlackTitle "GM"]
[WhiteElo "2668"]
[BlackElo "2582"]
[WhiteFideId "13302485"]
[BlackFideId "8608288"]
[EventDate "2019.12.26"]

1. d4 Nf6 2. c4 g6 3. Nc3 d5 4. Nf3 Bg7 5. cxd5 Nxd5 6. e4 Nxc3 7. bxc3 c5 8.
Be3 Bg4 9. Qa4+ Nc6 10. Rc1 Bxf3 11. gxf3 e6 12. Bb5 O-O 13. Bxc6 bxc6 14. O-O
Qh4 15. Qxc6 Rac8 16. Qd6 e5 17. dxc5 Qh3 18. Qd1 f5 19. c6 Kh8 20. Re1 g5 21.
exf5 Rxc6 22. Qd5 Rh6 23. Rb1 Rh4 24. Rb4 e4 25. Rxe4 Qxf3 26. f6 Bxf6 27. Qc5
Rd8 28. Bd4 Bxd4 29. Re8+ Rxe8 30. Rxe8+ Kg7 31. Qxg5+ Kf7 32. Qg8+ 1-0

[Event "World Rapid 2019"]
[Site "Moscow RUS"]
[Date "2019.12.28"]
[Round "11.44"]
[White "Vitiugov, Nikita"]
[Black "Tsoi, Dmitry"]
[Result "0-1"]
[WhiteTitle "GM"]
[BlackTitle "FM"]
[WhiteElo "2747"]
[BlackElo "2321"]
[WhiteFideId "4152956"]
[BlackFideId "24194697"]
[EventDate "2019.12.26"]

1. d4 f5 2. g3 Nf6 3. Bg2 e6 4. Nf3 d5 5. Bf4 Be7 6. O-O O-O 7. c4 c6 8. Nc3 Ne4
9. Qc2 Nd7 10. h4 Nd6 11. cxd5 exd5 12. b4 a6 13. a4 Nb6 14. b5 cxb5 15. axb5 a5
16. Qa2 Be6 17. Ng5 Bxg5 18. Bxg5 Qe8 19. Nxd5 Qf7 20. Ne7+ Kh8 21. d5 Bd7 22.
Qa3 Nbc4 23. Qc5 h6 24. Nxf5 Bxf5 25. Bf4 Rac8 26. Bxd6 Rxc5 27. Bxc5 Rc8 28.
Bd4 Nd2 29. Rfe1 Be4 30. Bh3 Qxd5 31. Bxg7+ Kxg7 32. Bxc8 Qxb5 33. Rac1 Bc6 34.
Bh3 Qd5 35. Kh2 Qd4 36. Kg1 Ne4 37. e3 Qd2 0-1

[Event "World Rapid 2019"]
[Site "Moscow RUS"]
[Date "2019.12.28"]
[Round "11.45"]
[White "Pashikian, Arman"]
[Black "Ivanisevic, Ivan"]
[Result "1-0"]
[WhiteTitle "GM"]
[BlackTitle "GM"]
[WhiteElo "2605"]
[BlackElo "2593"]
[WhiteFideId "13301578"]
[BlackFideId "912417"]
[EventDate "2019.12.26"]

1. d4 Nf6 2. c4 e6 3. Nf3 c5 4. d5 d6 5. Nc3 exd5 6. cxd5 g6 7. h3 Bg7 8. e4 O-O
9. Bd3 Nbd7 10. O-O Qe7 11. Re1 Ne5 12. Nxe5 Qxe5 13. f4 Qe7 14. Qf3 a6 15. a4
Qc7 16. Be3 Nd7 17. Bf1 Rb8 18. Rad1 Qa5 19. Bf2 b5 20. axb5 axb5 21. e5 dxe5
22. Ne4 exf4 23. Nxc5 Qb4 24. Nd3 Qd6 25. Nxf4 Bxb2 26. Ne6 Ne5 27. Qb3 fxe6 28.
dxe6 Nf3+ 29. gxf3 Qa3 30. Rd3 Qxb3 31. Rxb3 Bf6 32. e7 Re8 33. Bxb5 Bd7 34.
Bxd7 Rxb3 35. Bxe8 1-0

[Event "World Rapid 2019"]
[Site "Moscow RUS"]
[Date "2019.12.28"]
[Round "11.46"]
[White "Murzin, Volodar"]
[Black "Fridman, Daniel"]
[Result "0-1"]
[WhiteTitle "IM"]
[BlackTitle "GM"]
[WhiteElo "2442"]
[BlackElo "2616"]
[WhiteFideId "44155573"]
[BlackFideId "11600454"]
[EventDate "2019.12.26"]

1. e4 d6 2. d4 Nf6 3. Nc3 g6 4. Nf3 Bg7 5. Be2 O-O 6. O-O c6 7. h3 Nbd7 8. Be3
e5 9. dxe5 dxe5 10. Nd2 b5 11. Qc1 a6 12. Nb3 a5 13. Nc5 Qe7 14. Nxd7 Bxd7 15.
Bf3 a4 16. a3 Be6 17. Na2 Nd7 18. Rd1 Rac8 19. Nb4 c5 20. Nd5 Bxd5 21. Rxd5 Nb6
22. Rd1 Nc4 23. Bg5 f6 24. Bh6 Bxh6 25. Qxh6 Rcd8 26. Be2 Qe6 27. b3 axb3 28.
cxb3 Nd6 29. Qe3 c4 30. a4 cxb3 31. axb5 Rb8 32. Ra6 b2 33. Qa3 Nxb5 34. Bxb5
Qc8 35. Bf1 Qc2 36. Qa2+ Kh8 37. Rb1 Rfc8 38. Ra7 Qb3 39. Qxb3 Rxb3 40. Ra2 Rc2
41. g3 f5 42. exf5 gxf5 43. Kg2 e4 44. Bc4 Rf3 45. Rf1 Rfxf2+ 46. Rxf2 Rxf2+ 47.
Kxf2 b1=Q 48. Kg2 e3 49. Bd5 Kg7 50. Re2 Qd3 51. Bf3 Kf6 52. Ra2 Qc4 53. Re2 Qb3
54. Re1 Ke5 55. Re2 f4 56. g4 Qb1 57. h4 h6 58. Bc6 Kd4 59. Ba8 Kd3 60. Bf3 Qa1
61. g5 hxg5 62. h5 Qa6 63. Rb2 Kc3 64. Re2 Qe6 65. Re1 g4 0-1

[Event "World Rapid 2019"]
[Site "Moscow RUS"]
[Date "2019.12.28"]
[Round "11.47"]
[White "Amin, Bassem"]
[Black "Atabayev, Saparmyrat"]
[Result "1-0"]
[WhiteTitle "GM"]
[BlackTitle "IM"]
[WhiteElo "2683"]
[BlackElo "2425"]
[WhiteFideId "10601457"]
[BlackFideId "14000571"]
[EventDate "2019.12.26"]

1. e4 e5 2. Nf3 Nc6 3. Bc4 Be7 4. O-O Nf6 5. d3 O-O 6. Re1 d6 7. a4 Be6 8. Nbd2
Re8 9. a5 a6 10. Bxe6 fxe6 11. c3 Bf8 12. Nc4 Qd7 13. b4 Ne7 14. Qb3 Ng6 15. Rb1
Nh5 16. d4 exd4 17. cxd4 Nf6 18. Bg5 Kh8 19. b5 axb5 20. Qxb5 Qxb5 21. Rxb5 Nxe4
22. Rxe4 d5 23. Re1 dxc4 24. Bd2 Ra7 25. Reb1 b6 26. axb6 cxb6 27. Rxb6 Rc7 28.
Rc1 Kg8 29. g3 h6 30. h4 Rec8 31. Ba5 Ra7 32. Be1 Ba3 33. Rc2 Ne7 34. Rxe6 Nd5
35. Re5 Nb4 36. Bxb4 Bxb4 37. Rb5 Bf8 38. Ne5 c3 39. Rb3 Ra3 40. Rxa3 Bxa3 41.
Kf1 Bb4 42. Ke2 Kf8 43. Kd3 g5 44. hxg5 hxg5 45. d5 Rd8 46. Kc4 Ba5 47. Nc6 Rc8
48. Kb5 Bc7 49. Rxc3 Re8 50. Kc5 Re2 51. d6 Bxd6+ 52. Kxd6 Rxf2 53. Ne5 Kg7 54.
Rc7+ 1-0

[Event "World Rapid 2019"]
[Site "Moscow RUS"]
[Date "2019.12.28"]
[Round "11.48"]
[White "Meier, Georg"]
[Black "Sadhwani, Raunak"]
[Result "1/2-1/2"]
[WhiteTitle "GM"]
[BlackTitle "IM"]
[WhiteElo "2626"]
[BlackElo "2507"]
[WhiteFideId "4675789"]
[BlackFideId "35093487"]
[EventDate "2019.12.26"]

1. d4 d5 2. Nf3 Nf6 3. c4 c6 4. e3 Bg4 5. h3 Bxf3 6. Qxf3 e6 7. Nc3 Bb4 8. Bd2
Nbd7 9. Bd3 O-O 10. a3 Ba5 11. O-O Bc7 12. Rfd1 dxc4 13. Bxc4 e5 14. Be1 Qe7 15.
d5 e4 16. Qf5 Nb6 17. Ba2 g6 18. Qg5 cxd5 19. Nb5 Qe5 20. Qxe5 Bxe5 21. Bc3 Bxc3
22. Nxc3 Rfd8 23. Rd4 Rac8 24. Rad1 Kf8 25. g4 h6 26. Nxd5 Nbxd5 27. Bxd5 Rxd5
28. Rxd5 Nxd5 29. Rxd5 Rc2 30. b4 Ra2 31. Ra5 a6 32. h4 Ke7 33. b5 axb5 34. Rxb5
Rxa3 35. Rxb7+ Kf6 36. Rb4 Ke5 37. h5 gxh5 38. Rb5+ Kf6 39. Rxh5 Kg6 40. Kg2 f6
41. Rf5 Ra6 42. Kg3 Rb6 43. Rd5 Ra6 44. Rd8 h5 45. gxh5+ Kxh5 46. Rg8 Ra2 47.
Kf4 Rxf2+ 48. Kxe4 Ra2 49. Kf5 Rf2+ 50. Ke6 Re2 51. Kf5 Rf2+ 52. Ke4 1/2-1/2

[Event "World Rapid 2019"]
[Site "Moscow RUS"]
[Date "2019.12.28"]
[Round "11.49"]
[White "Timofeev, Artyom"]
[Black "Salgado Lopez, Ivan"]
[Result "0-1"]
[WhiteTitle "GM"]
[BlackTitle "GM"]
[WhiteElo "2588"]
[BlackElo "2605"]
[WhiteFideId "4140419"]
[BlackFideId "2257327"]
[EventDate "2019.12.26"]

1. e4 e5 2. Nf3 Nc6 3. Nc3 Nf6 4. h3 Bb4 5. Bd3 d6 6. a3 Bxc3 7. dxc3 h6 8. c4
a5 9. Be3 b6 10. Nd2 Nd7 11. Nb1 Nc5 12. Nc3 Nxd3+ 13. Qxd3 Bb7 14. O-O-O O-O
15. g4 Ne7 16. h4 Ng6 17. h5 Nh8 18. Ne2 a4 19. Ng3 f6 20. Nf5 Nf7 21. f4 exf4
22. Bxf4 Re8 23. Rhe1 Ra5 24. Qd4 Re6 25. Re3 Qe8 26. Rde1 Rc5 27. Kb1 Ra5 28.
Qc3 Qd7 29. Qd2 Ne5 30. Bxe5 Raxe5 31. Qd3 Re8 32. Ka1 Qc6 33. Qc3 Bc8 34. b3
Kh8 35. Kb2 Bb7 36. b4 Qd7 37. Qd4 Qe6 38. Nh4 Kg8 39. Nf3 c5 40. Qc3 Rxe4 41.
Rxe4 Bxe4 42. g5 hxg5 43. Nd2 f5 44. Nxe4 fxe4 45. Kb1 e3 46. Re2 Qe5 47. Qd3
Re6 48. Ka2 g4 49. bxc5 bxc5 50. Qd1 Qe4 0-1

[Event "World Rapid 2019"]
[Site "Moscow RUS"]
[Date "2019.12.28"]
[Round "11.50"]
[White "Alonso Rosell, Alvar"]
[Black "Narayanan, Srinath"]
[Result "1-0"]
[WhiteTitle "GM"]
[BlackTitle "GM"]
[WhiteElo "2548"]
[BlackElo "2529"]
[WhiteFideId "2270544"]
[BlackFideId "5018420"]
[EventDate "2019.12.26"]

1. Nf3 d5 2. g3 g6 3. Bg2 Bg7 4. d4 Nf6 5. O-O O-O 6. c3 Nbd7 7. a4 c5 8. a5 b6
9. Bf4 bxa5 10. Qa4 Qb6 11. dxc5 Qxb2 12. Qxa5 Ne4 13. Ra2 Qb7 14. Be3 Qc6 15.
Nd4 Qxc5 16. Nf5 gxf5 17. Bxc5 Ndxc5 18. Rb2 Bh6 19. Kh1 Nb7 20. Qxd5 Ned6 21.
Qd4 Bg7 22. Qa4 a5 23. Qc6 a4 24. Na3 Ra5 25. Qc7 Rc5 26. Qxe7 Re8 27. Qh4 Rxc3
28. Qxa4 Nc5 29. Qa7 Nde4 30. Rb8 Be5 31. Ra8 Nb3 32. Qa4 Rf8 33. Nb1 Nxf2+ 34.
Kg1 Nc5 35. Qb4 Rc2 36. Rxf2 Rc1+ 37. Rf1 Rxf1+ 38. Bxf1 Ne6 39. Qxf8+ 1-0

[Event "World Rapid 2019"]
[Site "Moscow RUS"]
[Date "2019.12.28"]
[Round "11.51"]
[White "Yilmaz, Mustafa"]
[Black "Najer, Evgeniy"]
[Result "0-1"]
[WhiteTitle "GM"]
[BlackTitle "GM"]
[WhiteElo "2604"]
[BlackElo "2661"]
[WhiteFideId "6302718"]
[BlackFideId "4118987"]
[EventDate "2019.12.26"]

1. d4 Nf6 2. c4 e6 3. Nf3 d5 4. Nc3 c6 5. e3 Nbd7 6. Qc2 a6 7. b3 Bd6 8. Bd3 e5
9. cxd5 cxd5 10. dxe5 Nxe5 11. Nxe5 Bxe5 12. Bb2 Be6 13. Ne2 Qa5+ 14. Bc3 Bxc3+
15. Qxc3 Qxc3+ 16. Nxc3 Ke7 17. Ne2 Rac8 18. f3 h5 19. h4 Nd7 20. Kd2 Rc7 21.
Rac1 Rhc8 22. Rxc7 Rxc7 23. Nd4 g6 24. Rb1 Ne5 25. b4 Bd7 26. Be2 Ba4 27. a3 Kf6
28. Bd3 Rc8 29. Bf1 Rc7 30. Be2 Rc8 31. Bf1 Rc7 32. Be2 Rc8 33. Rc1 Rxc1 34.
Kxc1 Ke7 35. Kd2 Kd6 36. Kc3 Bd7 37. Kb3 f6 38. f4 Ng4 39. Bxg4 Bxg4 40. Kc3 Bd1
41. Kd3 b6 42. Kd2 Ba4 43. Ne2 Ke6 44. Ng3 Be8 45. Kc3 Kd6 46. Kd4 Bd7 47. Ne2
Bb5 48. Nc3 Bc6 49. a4 a5 50. b5 Bb7 51. Ne2 Bc8 52. Nc3 Be6 53. Ne2 Bf5 54. Kc3
Be4 55. g3 Bf3 56. Nd4 Bd1 57. Nc2 Kc5 58. Nd4 Bxa4 59. Ne6+ Kxb5 60. Nf8 Kc5
61. Nxg6 Bd7 62. Nh8 Be8 0-1

[Event "World Rapid 2019"]
[Site "Moscow RUS"]
[Date "2019.12.28"]
[Round "11.52"]
[White "Postny, Evgeny"]
[Black "Can, Emre"]
[Result "1/2-1/2"]
[WhiteTitle "GM"]
[BlackTitle "GM"]
[WhiteElo "2605"]
[BlackElo "2600"]
[WhiteFideId "2804344"]
[BlackFideId "6302181"]
[EventDate "2019.12.26"]

1. d4 Nf6 2. c4 b6 3. Nf3 Bb7 4. g3 g6 5. Bg2 Bg7 6. O-O O-O 7. Qc2 c5 8. d5 b5
9. e4 bxc4 10. Nfd2 d6 11. Nxc4 Nbd7 12. Bd2 Ba6 13. Nba3 Nb6 14. Rfe1 Nxc4 15.
Nxc4 Bxc4 16. Qxc4 Nd7 17. Rab1 a5 18. b3 Qb6 19. f4 Bd4+ 20. Kh1 Rfb8 21. a4 h5
22. Bf1 Nf6 23. Qc2 Kg7 24. Bc4 h4 25. Kg2 Rh8 26. e5 dxe5 27. fxe5 hxg3 28. h3
Nd7 29. e6 Ne5 30. Bf4 f6 31. Bxg3 Rh5 32. h4 Rah8 33. Qe4 Qb4 34. Qe2 Rxh4 35.
Rh1 Rg4 36. Rxh8 Kxh8 37. Rh1+ Kg7 38. Rh4 Rg5 39. Rh3 Qb6 40. Kh1 Ng4 41. Bh4
Qb8 42. Bxg5 Nf2+ 43. Kg2 Nxh3 44. Kxh3 fxg5 45. Qf3 Bf6 46. Qg3 Be5 47. Qxg5
Qh8+ 48. Qh4 Qf8 49. Kg2 Bd6 50. Bd3 Qf6 1/2-1/2

[Event "World Rapid 2019"]
[Site "Moscow RUS"]
[Date "2019.12.28"]
[Round "11.53"]
[White "Faizrakhmanov, Ramil"]
[Black "Kovalev, Vladislav"]
[Result "0-1"]
[WhiteTitle "IM"]
[BlackTitle "GM"]
[WhiteElo "2434"]
[BlackElo "2662"]
[WhiteFideId "24103209"]
[BlackFideId "13504398"]
[EventDate "2019.12.26"]

1. d4 Nf6 2. c4 g6 3. Nc3 Bg7 4. e4 d6 5. Nf3 O-O 6. h3 e5 7. d5 Na6 8. Be3 Nc5
9. Nd2 a5 10. g4 c6 11. Be2 Bd7 12. h4 a4 13. g5 Ne8 14. b4 axb3 15. axb3 Rxa1
16. Qxa1 Na6 17. dxc6 Nb4 18. Qb2 bxc6 19. Na2 Nxa2 20. Qxa2 Nc7 21. Qa5 Qc8 22.
Qb4 c5 23. Qb6 Ne6 24. Qxd6 Bc6 25. Qd3 Nf4 26. Qc3 Nxe2 27. Kxe2 Qg4+ 28. Ke1
Bxe4 29. Nxe4 Qxe4 30. Rh3 Rd8 31. Qc1 Qd3 32. Rg3 e4 33. Bd2 Qd7 34. Ba5 Ra8
35. Bc3 Bd4 36. Kf1 Qf5 37. Qd2 Qe5 38. Kg2 e3 39. Qe2 Qe4+ 40. f3 Qb1 41. Qe1 0-1

[Event "World Rapid 2019"]
[Site "Moscow RUS"]
[Date "2019.12.28"]
[Round "11.54"]
[White "Sanal, Vahap"]
[Black "Huzman, Alexander"]
[Result "1/2-1/2"]
[WhiteTitle "GM"]
[BlackTitle "GM"]
[WhiteElo "2549"]
[BlackElo "2567"]
[WhiteFideId "6300545"]
[BlackFideId "2803828"]
[EventDate "2019.12.26"]

1. Nf3 Nf6 2. g3 g6 3. Bg2 Bg7 4. b3 d5 5. Bb2 c5 6. O-O O-O 7. e3 Nc6 8. Ne5
Nxe5 9. Bxe5 Bg4 10. f3 Be6 11. d3 d4 12. Bxf6 exf6 13. e4 f5 14. f4 fxe4 15.
Bxe4 Bd5 16. Nd2 f5 17. Bxd5+ Qxd5 18. a4 Rfe8 19. Nc4 Re6 20. Re1 Rae8 21. Rxe6
Rxe6 22. Qd2 b6 23. Re1 Rxe1+ 24. Qxe1 Kf7 25. Kf2 Bf6 26. Qf1 h6 27. Qd1 g5 28.
Qh5+ Kg7 29. fxg5 hxg5 30. Qf3 Qd7 31. h3 g4 32. hxg4 fxg4 33. Qf4 Kg6 34. Nd6
Qe6 35. Nb5 Bg5 36. Qe4+ Qxe4 37. dxe4 Kf6 38. Nd6 Ke6 39. Nc4 Bd8 40. Nd2 Bc7
41. Nf1 Ke5 42. Nd2 Ke6 1/2-1/2

[Event "World Rapid 2019"]
[Site "Moscow RUS"]
[Date "2019.12.28"]
[Round "11.55"]
[White "Vokhidov, Shamsiddin"]
[Black "Iturrizaga Bonelli, Eduardo"]
[Result "0-1"]
[WhiteTitle "IM"]
[BlackTitle "GM"]
[WhiteElo "2526"]
[BlackElo "2597"]
[WhiteFideId "14204223"]
[BlackFideId "3901211"]
[EventDate "2019.12.26"]

1. e4 c5 2. Nf3 e6 3. d4 cxd4 4. Nxd4 a6 5. c4 Nf6 6. Nc3 Bb4 7. Qd3 O-O 8. e5
Ne8 9. Be2 d6 10. exd6 Bxd6 11. O-O Qc7 12. h3 Nd7 13. b3 Ne5 14. Qc2 Bd7 15.
Bb2 Nf6 16. Rad1 Rfd8 17. Rfe1 Ng6 18. a3 Bf8 19. b4 e5 20. Nf5 a5 21. c5 axb4
22. axb4 b6 23. Ne3 bxc5 24. b5 Be6 25. Bc4 Nf4 26. Bxe6 Nxe6 27. Ncd5 Nxd5 28.
Nxd5 Qb7 29. Rxe5 Nd4 30. Qe4 Qxb5 31. Bxd4 Qa4 32. Qg4 cxd4 33. Nb6 Qc6 34.
Nxa8 Qxa8 35. Qe4 g6 36. Qxa8 Rxa8 37. Rd5 Bg7 38. Rd7 h5 39. Rb1 h4 40. Rdb7
Ra5 41. Rc1 Rf5 42. Rc8+ Kh7 43. Rcc7 Kg8 44. Kf1 Be5 45. Rd7 Bg7 46. Rb8+ Kh7
47. Rbb7 Kg8 48. Rb3 Kh7 49. Ke2 Re5+ 50. Kd3 Rf5 51. Rb2 Kg8 52. Re2 Bf6 53.
Ra2 Kg7 54. Rda7 Rg5 55. f3 Rc5 56. R2a3 g5 57. R7a5 Rc1 58. Ke4 Kg6 59. Ra6
Re1+ 60. Kd5 Kf5 61. Ra7 Kg6 62. R3a6 d3 63. Ra2 Re2 64. R2a3 d2 65. Rd3 Rxg2
66. Rd7 Rg3 67. Ke4 Rxh3 68. Rxd2 Rh1 69. Ra7 Re1+ 70. Kd3 Be5 71. Re2 Rd1+ 72.
Kc4 f6 73. Re4 h3 0-1

[Event "World Rapid 2019"]
[Site "Moscow RUS"]
[Date "2019.12.28"]
[Round "11.56"]
[White "Yanchenko, Roman"]
[Black "Quparadze, Giga"]
[Result "1/2-1/2"]
[WhiteTitle "FM"]
[BlackTitle "GM"]
[WhiteElo "2463"]
[BlackElo "2462"]
[WhiteFideId "4137329"]
[BlackFideId "13602250"]
[EventDate "2019.12.26"]

1. d4 Nf6 2. c4 e6 3. Nf3 b6 4. g3 Bb4+ 5. Bd2 Be7 6. Bg2 c6 7. O-O O-O 8. Nc3
d5 9. Ne5 Bb7 10. cxd5 cxd5 11. Qa4 a6 12. Qb3 b5 13. a4 b4 14. a5 Nc6 15. Nxc6
Bxc6 16. Na2 Qxa5 17. Bxb4 Qb6 18. Qa3 Bxb4 19. Qxb4 Rfb8 20. Qxb6 Rxb6 21. Rfc1
g6 22. e3 Be8 23. b4 Bb5 24. Rc5 Rab8 25. h3 Kg7 26. g4 Bc4 27. Ra5 Ne8 28. Rc1
Nd6 29. Bf1 h6 30. Rc2 Bb3 31. Rc7 Nc4 32. Bxc4 Bxc4 33. Kg2 R8b7 34. Rc8 Rd6
35. Kg3 Rdd7 36. h4 Rdc7 37. Rxc7 Rxc7 38. Nc3 Rb7 39. Ra4 Rb6 40. g5 f6 41. Kf4
fxg5+ 42. hxg5 h5 43. Ke5 Kf7 44. Ra5 Rxb4 45. Rc5 Rb7 46. Rc6 Re7 47. Rb6 Kg7
48. Na4 h4 49. Rb1 Rf7 50. f4 Rf5+ 51. Kd6 Rf8 52. Nc5 Ra8 53. Nxe6+ Kg8 54. Rb7
h3 55. Rg7+ Kh8 56. Rxg6 Ra7 57. Rf6 h2 58. g6 Rg7 59. Rf8+ Rg8 60. g7+ Kh7 61.
Ng5+ Kxg7 62. Rf7+ Kg6 63. Rh7 a5 64. Rxh2 a4 65. Nf3 Kf5 66. Nd2 a3 67. e4+
Kxf4 68. exd5 a2 69. Rh1 Rd8+ 70. Kc7 Rxd5 71. Nxc4 Rxd4 72. Rf1+ Ke4 73. Nb2
Rb4 74. Nd1 Kd4 75. Rf4+ Ke5 76. Rxb4 a1=Q 77. Rb5+ Kd4 78. Rb6 Qa7+ 79. Rb7
Qa5+ 80. Kc8 Qc5+ 81. Rc7 Qf8+ 82. Kb7 Qe8 83. Nc3 Qh8 84. Rc6 Qh1 85. Kb6 Qa1
86. Kb7 Qb2+ 87. Kc7 Ke5 88. Rc5+ Ke6 89. Rc6+ Ke7 90. Nd5+ Kf7 91. Rf6+ Kg7 92.
Kd6 Qb8+ 93. Ke6 Qe8+ 94. Kd6 Qb8+ 95. Ke6 Qd8 96. Ke5 Qe8+ 97. Kd6 Qe4 98. Kc5
Qc2+ 99. Kd6 Qc4 100. Ke5 Qc5 101. Ke6 Qc6+ 102. Ke5 Qe8+ 103. Kd6 Qe4 104. Kc5
Qe5 105. Kc6 Kg8 106. Kc5 Kg7 107. Kc6 Qxd5+ 108. Kxd5 Kxf6 1/2-1/2

[Event "World Rapid 2019"]
[Site "Moscow RUS"]
[Date "2019.12.28"]
[Round "11.57"]
[White "Makarian, Rudik"]
[Black "Paravyan, David"]
[Result "0-1"]
[WhiteTitle "IM"]
[BlackTitle "GM"]
[WhiteElo "2397"]
[BlackElo "2629"]
[WhiteFideId "44105681"]
[BlackFideId "4194985"]
[EventDate "2019.12.26"]

1. c4 e5 2. Nc3 Nf6 3. e3 Nc6 4. a3 d5 5. cxd5 Nxd5 6. Qc2 Nxc3 7. Qxc3 Bd6 8.
d3 O-O 9. Nf3 Qf6 10. Be2 Qg6 11. O-O Bh3 12. Ne1 a5 13. b3 Kh8 14. Bb2 f5 15.
Kh1 Bg4 16. Bxg4 Qxg4 17. Nc2 Rae8 18. Qc4 Qh5 19. e4 Nd4 20. Bxd4 exd4 21. e5
Rxe5 22. f4 Rc5 0-1

[Event "World Rapid 2019"]
[Site "Moscow RUS"]
[Date "2019.12.28"]
[Round "11.58"]
[White "Drygalov, Sergey"]
[Black "Yuffa, Daniil"]
[Result "1/2-1/2"]
[WhiteTitle "IM"]
[BlackTitle "GM"]
[WhiteElo "2473"]
[BlackElo "2566"]
[WhiteFideId "24171743"]
[BlackFideId "24131423"]
[EventDate "2019.12.26"]

1. d4 Nf6 2. Nf3 e6 3. c4 Bb4+ 4. Bd2 Qe7 5. g3 Bxd2+ 6. Qxd2 Nc6 7. Nc3 d5 8.
Bg2 dxc4 9. O-O O-O 10. e4 Rd8 11. e5 Nd5 12. Qe2 Na5 13. h4 c5 14. Nb5 cxd4 15.
Nfxd4 c3 16. bxc3 Nxc3 17. Nxc3 Rxd4 18. Nb5 Rd8 19. Nd6 Rb8 20. h5 h6 21. Rac1
Nc6 22. Rfd1 Bd7 23. f4 Be8 24. Rc3 f6 25. exf6 Qxf6 26. Rcd3 Nb4 27. R3d2 Bc6
28. Ne4 Qe7 29. Kh2 Rxd2 30. Rxd2 Nd5 31. Nf2 Nc3 32. Qe5 Qe8 33. Qxc3 Qxh5+ 34.
Kg1 Rc8 35. Bxc6 Rxc6 36. Rd8+ Kh7 37. Qd3+ Qf5 38. Qxf5+ exf5 39. Rd2 Rc3 40.
Kg2 b5 41. Rd5 a6 42. a4 b4 43. Rxf5 Ra3 44. Rf8 Rxa4 45. Rb8 a5 46. f5 Ra3 47.
Rb7 Kg8 48. Rb8+ Kf7 49. Ne4 b3 50. Rb7+ Kg8 51. Rb8+ Kf7 52. Rb7+ Kg8 53. Rb8+ 1/2-1/2

[Event "World Rapid 2019"]
[Site "Moscow RUS"]
[Date "2019.12.28"]
[Round "11.59"]
[White "Dragnev, Valentin"]
[Black "Belov, Vladimir"]
[Result "0-1"]
[WhiteTitle "GM"]
[BlackTitle "GM"]
[WhiteElo "2553"]
[BlackElo "2598"]
[WhiteFideId "1634852"]
[BlackFideId "4132394"]
[EventDate "2019.12.26"]

1. d4 Nf6 2. c4 g6 3. Nc3 d5 4. cxd5 Nxd5 5. e4 Nxc3 6. bxc3 Bg7 7. Be3 c5 8.
Rc1 Qa5 9. Qd2 O-O 10. Nf3 Rd8 11. d5 Bg4 12. Ng5 Nc6 13. h3 Bc8 14. Be2 e6 15.
O-O exd5 16. exd5 Ne7 17. d6 Nf5 18. Bf4 h6 19. Ne4 Bd7 20. g4 Bc6 21. gxf5 Bxe4
22. fxg6 Bxg6 23. Rfe1 c4 24. Bf3 Bd3 25. Bxb7 Rab8 26. Bg2 Qf5 27. Bxh6 Rxd6
28. Bf4 Rbd8 29. Bxd6 Rxd6 30. Re3 Bh6 31. Rce1 Rg6 32. Qd1 Bxe3 33. Rxe3 Qd5
34. Rg3 Qe5 35. Rxg6+ fxg6 36. Qd2 a5 37. h4 a4 38. a3 Qe7 39. Qf4 Qe1+ 40. Kh2
Qxc3 41. Bd5+ Kh7 42. Qf7+ Qg7 43. Bxc4 Bxc4 44. Qxc4 Qe5+ 45. Kg2 Qa5 46. Qf7+
Kh8 47. Qf8+ Kh7 48. Qe7+ Kh6 49. Kg3 Qd5 50. Qe3+ Kh5 51. Qe2+ Kh6 52. Qf3 Qb3
53. Kg2 Kg7 54. Qe3 Qd5+ 55. Kg3 Qb3 56. Kg4 Kf7 57. Qf4+ Kg7 58. Qd4+ Kf7 59.
Qd7+ Kf6 60. Qd6+ Kf7 61. f3 Kg7 62. Qe7+ Kh6 63. Kg3 Qd1 64. Qe3+ Kh7 65. Kg4
Qb3 66. Kg3 Qxe3 0-1